[Event "LSS SD-2009-0-00039"]
[Site "LSS email"]
[Date "2009.10.17"]
[Round "?"]
[White "Martins, Karin"]
[Black "Champion, William R"]
[Result "1-0"]
[WhiteElo "1561"]
[BlackElo "1344"]
[PlyCount "29"]
[EventDate "2009.08.17"]
[EventType "tourn (corr)"]
[EventRounds "6"]
[EventCountry "GER"]
[SourceTitle "Corr 2013"]
[Source "ChessBase"]
[SourceDate "2012.11.12"]
[SourceVersion "1"]
[SourceVersionDate "2012.11.12"]
[SourceQuality "1"]
[WhiteTeam "US of America"]
[BlackTeam "US of America"]
[WhiteTeamCountry "USA"]
[BlackTeamCountry "USA"]

1. e4 e5 2. Nf3 Nf6 3. Bc4 Nc6 4. d3 Be7 5. 0-0 0-0 6. Re1 d6 7. a4 h6 8. c3 Re8 9. b4 a6 10. Qb3 Rf8 11. a5 Bd7 12. Bd2 Qc8 13. d4 Bg4 14. Nh4 g5 15. Ng6 1-0

[Event "LSS SD-2009-0-00039"]
[Site "LSS email"]
[Date "2009.10.16"]
[Round "?"]
[White "Champion, William R"]
[Black "Albesa, Alfredo Ricardo"]
[Result "0-1"]
[WhiteElo "1344"]
[BlackElo "1607"]
[PlyCount "52"]
[EventDate "2009.08.17"]
[EventType "tourn (corr)"]
[EventRounds "6"]
[EventCountry "GER"]
[SourceTitle "Telechess CBM 137"]
[Source "ChessBase"]
[SourceDate "2010.07.15"]
[SourceVersion "1"]
[SourceVersionDate "2010.07.15"]
[SourceQuality "1"]

1. d4 Nf6 2. c4 g6 3. Nc3 Bg7 4. e4 d6 5. Be2 0-0 6. Bg5 c5 7. d5 h6 8. Be3 e6 9. Qd2 exd5 10. exd5 Kh7 11. h3 Re8 12. Bd3 b5 13. cxb5 Nbd7 14. Nf3 Nb6 15. 0-0 Bb7 16. Bf4 Nbxd5 17. Nxd5 Nxd5 18. Bh2 Nb4 19. Bb1 Qf6 20. a3 Qxb2 21. Qxb2 Bxb2 22. axb4 Bxa1 23. bxc5 dxc5 24. Bxg6+ fxg6 25. Rxa1 Bxf3 26. gxf3 c4 0-1

[Event "LSS RD-2009-0-00025"]
[Site "LSS email"]
[Date "2009.08.15"]
[Round "?"]
[White "Champion, William R"]
[Black "Evtushenko, Sergey Aleksandrovi"]
[Result "0-1"]
[WhiteElo "1428"]
[BlackElo "1480"]
[PlyCount "22"]
[EventDate "2009.05.02"]
[EventType "tourn (corr)"]
[EventRounds "6"]
[EventCountry "GER"]
[SourceTitle "Corr 2013"]
[Source "ChessBase"]
[SourceDate "2012.11.12"]
[SourceVersion "1"]
[SourceVersionDate "2012.11.12"]
[SourceQuality "1"]

1. c4 c6 2. d4 d5 3. cxd5 cxd5 4. Nc3 Nf6 5. Bf4 Qb6 6. Qd2 Nc6 7. e3 Bf5 8. f3 e6 9. Bd3 Bxd3 10. Qxd3 Qxb2 11. Rb1 Qxg2 0-1

[Event "LSS RD-2009-0-00025"]
[Site "LSS email"]
[Date "2009.08.05"]
[Round "?"]
[White "Champion, William R"]
[Black "Visser, Bob"]
[Result "0-1"]
[WhiteElo "1427"]
[BlackElo "1401"]
[PlyCount "92"]
[EventDate "2009.05.02"]
[EventType "tourn (corr)"]
[EventRounds "6"]
[EventCountry "GER"]
[SourceTitle "Telechess CBM 137"]
[Source "ChessBase"]
[SourceDate "2010.07.15"]
[SourceVersion "1"]
[SourceVersionDate "2010.07.15"]
[SourceQuality "1"]

1. d4 d5 2. c4 dxc4 3. e4 e5 4. Nf3 exd4 5. Bxc4 Bb4+ 6. Nbd2 Nc6 7. 0-0 Nf6 8. e5 Nd5 9. Nb3 Nb6 10. Bb5 Bd7 11. Nbxd4 Nxd4 12. Nxd4 0-0 13. Bxd7 Qxd7 14. Nc2 Be7 15. Qxd7 Nxd7 16. Bf4 Nc5 17. Rad1 Rad8 18. Nd4 Ne6 19. Nxe6 fxe6 20. Be3 Rd5 21. Rxd5 exd5 22. Rc1 c6 23. g3 Kf7 24. Bxa7 Ra8 25. Bd4 Rxa2 26. f4 Ke6 27. g4 g6 28. Rf1 c5 29. f5+ Kd7 30. e6+ Kd6 31. Bg7 gxf5 32. gxf5 d4 33. Rf2 Bg5 34. Bf8+ Kd5 35. e7 Ra8 36. f6 Ke6 37. f7 Bxe7 38. Re2+ Kxf7 39. Rxe7+ Kxf8 40. Rxb7 d3 41. Rd7 c4 42. Kf2 Rb8 43. Ke3 Rxb2 44. Rxh7 Re2+ 45. Kf3 Re6 46. Rd7 Rc6 0-1

[Event "LSS OP-2009-0-00759"]
[Site "LSS email"]
[Date "2009.02.23"]
[Round "?"]
[White "Zaunerciks, Ilmars"]
[Black "Champion, William R"]
[Result "0-1"]
[WhiteElo "1645"]
[BlackElo "1410"]
[PlyCount "62"]
[EventDate "2009.02.18"]
[EventType "tourn (corr)"]
[EventRounds "4"]
[EventCountry "GER"]
[SourceTitle "Corr 2011"]
[Source "ChessBase"]
[SourceDate "2010.08.31"]
[SourceVersion "1"]
[SourceVersionDate "2010.08.31"]
[SourceQuality "1"]

1. e4 c6 2. d4 d5 3. Nc3 dxe4 4. Nxe4 Nf6 5. Ng3 c5 6. Bb5+ Bd7 7. Bxd7+ Qxd7 8. Nf3 Nc6 9. dxc5 Qxd1+ 10. Kxd1 Rd8+ 11. Bd2 e6 12. b4 Nxb4 13. a3 Nc6 14. Rb1 Bxc5 15. Rxb7 Bxf2 16. Rb3 0-0 17. Ke2 Bb6 18. Rd1 Nd4+ 19. Nxd4 Rxd4 20. Rdb1 Rc8 21. R1b2 Rdc4 22. c3 Nd5 23. Kd3 f5 24. Ne2 e5 25. Rb5 R8c5 26. Rxc5 Rxc5 27. Be1 Rc6 28. c4 e4+ 29. Kd2 Be3+ 30. Kd1 Rxc4 31. Rb8+ Kf7 0-1

[Event "LSS OP-2009-0-00753"]
[Site "LSS email"]
[Date "2009.02.16"]
[Round "?"]
[White "Champion, William R"]
[Black "Pech, Jaroslav Sr"]
[Result "1-0"]
[WhiteElo "1436"]
[BlackElo "1750"]
[PlyCount "25"]
[EventDate "2009.02.11"]
[EventType "tourn (corr)"]
[EventRounds "4"]
[EventCountry "GER"]
[SourceTitle "Corr 2013"]
[Source "ChessBase"]
[SourceDate "2012.11.12"]
[SourceVersion "1"]
[SourceVersionDate "2012.11.12"]
[SourceQuality "1"]

1. d4 d5 2. c4 c6 3. cxd5 cxd5 4. Nc3 Nc6 5. Nf3 Nf6 6. Bf4 Bf5 7. e3 e6 8. Bb5 Nd7 9. Qa4 Rc8 10. 0-0 a6 11. Bxc6 Rxc6 12. Rfc1 Be7 13. Ne2 1-0

[Event "IECG CC.2005.0.00123 email"]
[Site "IECG email"]
[Date "2005.10.09"]
[Round "?"]
[White "Bame, Bill"]
[Black "Champion, William R"]
[Result "0-1"]
[WhiteElo "1645"]
[BlackElo "1620"]
[PlyCount "46"]
[EventDate "2005.10.09"]
[EventType "tourn (corr)"]
[EventRounds "6"]
[SourceTitle "Corr 2008"]
[Source "ChessBase"]
[SourceDate "2008.06.24"]
[SourceVersion "1"]
[SourceVersionDate "2008.06.24"]
[SourceQuality "1"]

1. e4 c6 2. Nf3 d5 3. exd5 cxd5 4. Bb5+ Bd7 5. Bxd7+ Nxd7 6. c3 Ngf6 7. d4 e6 8. 0-0 Be7 9. Bg5 h6 10. Bf4 0-0 11. Nbd2 Qb6 12. Re1 Bd6 13. Bxd6 Qxd6 14. Nf1 b5 15. Ng3 a5 16. Qd2 a4 17. Nh4 Rab8 18. Re3 Kh7 19. Rae1 g6 20. Qd3 Kg7 21. Rf3 Rfe8 22. Qe3 Qf8 23. Ne2 e5 0-1

[Event "CFriend SI-2004-0-00038 email"]
[Site "Chessfriend.com"]
[Date "2005.09.16"]
[Round "1"]
[White "Champion, William R"]
[Black "Van Rooijen, Peter"]
[Result "0-1"]
[WhiteElo "1596"]
[BlackElo "1704"]
[PlyCount "32"]
[EventDate "2005.09.16"]
[EventType "tourn (corr)"]
[EventRounds "6"]
[SourceTitle "Corr 2008"]
[Source "ChessBase"]
[SourceDate "2008.06.24"]
[SourceVersion "1"]
[SourceVersionDate "2008.06.24"]
[SourceQuality "1"]

1. d4 e6 2. e4 d5 3. Nd2 c5 4. exd5 Qxd5 5. Ngf3 cxd4 6. Bc4 Qd6 7. 0-0 Nf6 8. Nb3 Nc6 9. Nbxd4 Nxd4 10. Nxd4 a6 11. Re1 Qc7 12. Bb3 Bd6 13. h3 0-0 14. Bg5 Be5 15. c3 Rd8 16. Be3 Bh2+ 0-1

[Event "CFriend SI-2004-0-00038 email"]
[Site "Chessfriend.com"]
[Date "2005.09.16"]
[Round "1"]
[White "Tanti, Joseph G"]
[Black "Champion, William R"]
[Result "1-0"]
[WhiteElo "1975"]
[BlackElo "1596"]
[PlyCount "35"]
[EventDate "2005.09.16"]
[EventType "tourn (corr)"]
[EventRounds "6"]
[SourceTitle "Corr 2008"]
[Source "ChessBase"]
[SourceDate "2008.06.24"]
[SourceVersion "1"]
[SourceVersionDate "2008.06.24"]
[SourceQuality "1"]

1. e4 c6 2. d4 d5 3. e5 Bf5 4. Nc3 Qb6 5. Nf3 e6 6. Be2 Bg4 7. 0-0 Bxf3 8. Bxf3 Ne7 9. Na4 Qa5 10. Nc5 Qc7 11. Be2 h5 12. Bxh5 g6 13. Be2 Bh6 14. Bxh6 Rxh6 15. c4 b6 16. cxd5 cxd5 17. Bb5+ Kf8 18. Qc1 1-0

[Event "IECG CB.2004.0.00122 email"]
[Site "IECG email"]
[Date "2004.09.15"]
[Round "?"]
[White "Champion, William R"]
[Black "Fischer, Robert"]
[Result "0-1"]
[WhiteElo "1859"]
[BlackElo "1848"]
[PlyCount "66"]
[EventDate "2004.09.15"]
[EventType "tourn (corr)"]
[EventRounds "6"]
[SourceTitle "Corr 2008"]
[Source "ChessBase"]
[SourceDate "2008.06.24"]
[SourceVersion "1"]
[SourceVersionDate "2008.06.24"]
[SourceQuality "1"]

1. d4 g6 2. e4 Bg7 3. c3 d6 4. Nf3 Nf6 5. Bd3 0-0 6. 0-0 c5 7. h3 Nfd7 8. d5 Nf6 9. c4 e5 10. Nc3 Nh5 11. Re1 h6 12. Nh2 Nd7 13. Be3 Nf4 14. f3 Qg5 15. Bxf4 exf4 16. Ne2 Bxb2 17. Rb1 Be5 18. Kh1 Qh4 19. Rg1 Bg7 20. Qe1 Qxe1 21. Rgxe1 Ne5 22. Red1 f5 23. Rbc1 Nxd3 24. Rxd3 fxe4 25. fxe4 b6 26. Nf3 g5 27. Nd2 a6 28. Rf3 b5 29. Rc2 b4 30. a4 Bd7 31. Ra2 Rae8 32. Kg1 Bf5 33. Kf1 Bxe4 0-1

[Event "IECG CB.2004.0.00122 email"]
[Site "IECG email"]
[Date "2004.09.15"]
[Round "?"]
[White "Svartbo, Martin"]
[Black "Champion, William R"]
[Result "1-0"]
[WhiteElo "1728"]
[BlackElo "1859"]
[PlyCount "53"]
[EventDate "2004.09.15"]
[EventType "tourn (corr)"]
[EventRounds "6"]
[SourceTitle "Corr 2008"]
[Source "ChessBase"]
[SourceDate "2008.06.24"]
[SourceVersion "1"]
[SourceVersionDate "2008.06.24"]
[SourceQuality "1"]

1. e4 Nf6 2. e5 Nd5 3. d4 d6 4. Nf3 Bg4 5. Be2 e6 6. 0-0 Be7 7. h3 Bh5 8. c4 Nb6 9. Nc3 0-0 10. Be3 a5 11. exd6 cxd6 12. Qb3 a4 13. Qb5 Bg6 14. c5 Nc8 15. Qxb7 Qa5 16. Nh2 d5 17. b4 Qa7 18. Qxa7 Rxa7 19. b5 Nd7 20. Rac1 f6 21. Bg4 f5 22. Bd1 f4 23. Bd2 a3 24. Re1 Rf6 25. Ng4 Nf8 26. b6 Rb7 27. Nxf6+ 1-0

[Event "IECG CB.2004.0.00116 email"]
[Site "IECG email"]
[Date "2004.08.08"]
[Round "?"]
[White "Ercan, Sezar"]
[Black "Champion, William R"]
[Result "1-0"]
[WhiteElo "1941"]
[BlackElo "1859"]
[PlyCount "71"]
[EventDate "2004.05.29"]
[EventType "tourn (corr)"]
[EventRounds "6"]
[SourceTitle "Corr 2008"]
[Source "ChessBase"]
[SourceDate "2008.06.24"]
[SourceVersion "1"]
[SourceVersionDate "2008.06.24"]
[SourceQuality "1"]

1. d4 Nf6 2. c4 c5 3. d5 b5 4. cxb5 a6 5. bxa6 g6 6. Nc3 Bxa6 7. g3 d6 8. Bg2 Bg7 9. Nf3 0-0 10. 0-0 Nbd7 11. Qc2 Nb6 12. Rd1 Ra7 13. e4 Qc7 14. h3 Rb8 15. Re1 Nfd7 16. b3 Ne5 17. Nxe5 Bxe5 18. Be3 Bxc3 19. Qxc3 f6 20. f4 Nd7 21. h4 h5 22. e5 fxe5 23. fxe5 Nxe5 24. Bf4 Rf8 25. Bxe5 dxe5 26. Rxe5 Bc8 27. Rae1 Qd6 28. Re6 Bxe6 29. Rxe6 Rxa2 30. Rxd6 exd6 31. Qe1 Rf6 32. Qe8+ Kg7 33. Qe7+ Rf7 34. Qxd6 Ra1+ 35. Kh2 Ra2 36. Qe5+ 1-0

[Event "IECG CB.2004.0.00107 email"]
[Site "IECG email"]
[Date "2004.03.07"]
[Round "?"]
[White "Champion, William R"]
[Black "Quadri, Sergio Fabian"]
[Result "1/2-1/2"]
[WhiteElo "1859"]
[BlackElo "1986"]
[PlyCount "44"]
[EventDate "2004.03.07"]
[EventType "tourn (corr)"]
[EventRounds "6"]
[SourceTitle "Corr 2008"]
[Source "ChessBase"]
[SourceDate "2008.06.24"]
[SourceVersion "1"]
[SourceVersionDate "2008.06.24"]
[SourceQuality "1"]

1. d4 Nf6 2. Nf3 d5 3. Bf4 c5 4. e3 Qb6 5. Qc1 Nc6 6. c3 Bf5 7. dxc5 Qxc5 8. Nbd2 Rc8 9. Nb3 Qb6 10. Be2 e6 11. Nh4 Bg6 12. Nxg6 hxg6 13. Nd4 Nxd4 14. exd4 Bd6 15. Rb1 Qc7 16. Bxd6 Qxd6 17. h3 0-0 18. 0-0 Rfe8 19. Re1 a6 20. Bf3 b6 21. Qd2 Qc7 22. a3 Qd6 1/2-1/2

[Event "IECG CB.2004.0.00107 email"]
[Site "IECG email"]
[Date "2004.03.07"]
[Round "?"]
[White "Jensen, Soeren"]
[Black "Champion, William R"]
[Result "1-0"]
[WhiteElo "1837"]
[BlackElo "1859"]
[PlyCount "31"]
[EventDate "2004.03.07"]
[EventType "tourn (corr)"]
[EventRounds "6"]
[SourceTitle "Corr 2008"]
[Source "ChessBase"]
[SourceDate "2008.06.24"]
[SourceVersion "1"]
[SourceVersionDate "2008.06.24"]
[SourceQuality "1"]

1. e4 Nf6 2. e5 Nd5 3. d4 d6 4. Nf3 Bg4 5. Be2 e6 6. 0-0 Be7 7. c4 Nb6 8. Nc3 0-0 9. Be3 d5 10. c5 Bxf3 11. gxf3 Nc8 12. f4 g6 13. Kh1 Kh8 14. b4 b5 15. c6 Nd7 16. Qa4 1-0